000
00327nam a2200133Ia 4500
008
240624s9999 xx 000 0 und d
041
_a
eng
082
_a
920 MUR
100
_a
MURTHI R K
245
_a
C RAJAGOPALACHARI THE TRUE PATRIOT
260
_c
2003
_a
New Delhi
_b
Rupa and Company
300
_a
64 : p.
365
_c
RS
_b
25
999
_c
17568
_d
17568